| 000 | 00373nam a22001217a 4500 | ||
|---|---|---|---|
| 008 | 230609b xxu||||| |||| 00| 0 eng d | ||
| 082 |
_a354.676 _bGOK |
||
| 245 | _a2016/2017 Estimates of Development Expenditure of the Government of Kenya for the Year Ending 30th June, 2017 | ||
| 260 |
_aNairobi,Kenya _bGOK _cJune,2016 |
||
| 300 | _aXIII,523p | ||
| 440 | _vI | ||
| 942 |
_2ddc _cBK |
||
| 999 |
_c994 _d994 |
||